| 000 | 00761nam a2200241 a 4500 | ||
|---|---|---|---|
| 090 |
_aLB _b00473 |
||
| 041 | _aspa | ||
| 100 |
_aZeledón, Rodrigo _992202 |
||
| 110 |
_bInstituto Nacional de Biodiversidad _992203 |
||
| 245 |
_aINBio Instituto Nacional de Biodiversidad _bmemoria anual 1996 |
||
| 260 |
_aHeredia _bINBio _c1997 |
||
| 300 | _a4 vol. | ||
| 505 | _aVol. 1: Memorial anual 1996 | ||
| 505 | _aVol. 2: INBIO: información general | ||
| 505 | _aVol. 3: Annual report 1999 | ||
| 505 | _aVol. 4: Memoria anual 1995 | ||
| 505 | _aVol. 5: Memorias annual report 2003 | ||
| 650 |
_aBiodiversidad _992204 |
||
| 650 |
_aDesarrollo institucional _93523 |
||
| 650 |
_aApoyo institucional _97678 |
||
| 650 |
_aGestión ambiental _992206 |
||
| 942 | _cIMPRESO | ||
| 999 |
_c492 _d492 |
||